Les 10 meilleurs buteurs de l'histoire de l'euro - Statistiques

Statistiques générales
  • Ce quiz a été pris 95 fois
  • Le résultat moyen est 4 sur 10
Statistiques - réponses
#1 Buts Nom % Correct
1 14 Cristiano Ronaldo
93%
4 7 Antoine Griezmann
76%
2 9 Michel Platini
66%
8 6 Thierry Henry
54%
7 6 Wayne Rooney
22%
9 6 Zlatan Ibrahimovic
18%
5 6 Ruud Van Nistelrooy
16%
3 7 Alan Shearer
7%
6 6 Patrick Kluivert
7%
10 6 Nuno Gomes
3%
Aucun quiz correspondant
Distribution des résultats
% des personnes avec chaque résultat
Percentile par nombre de réponses
Votre historique - résultats
Vous n’avez pas pris ce quiz